| 000 | 01091cam a2200277 a 4500 | ||
|---|---|---|---|
| 001 | 2156323 | ||
| 003 | OSt | ||
| 005 | 20240618113122.0 | ||
| 008 | 990113s2000 xxka b 001 0 eng | ||
| 010 | _a 99013559 | ||
| 020 | _a0521661048 | ||
| 020 | _a0521667801 | ||
| 040 |
_aDDC, _cMUST, |
||
| 082 | 0 | 0 |
_a530.12 STY 2000 _221 |
| 100 | 1 |
_aStyer, Daniel F. _917447 |
|
| 245 | 1 | 4 |
_aThe strange world of quantum mechanics / _cDaniel F. Styer. |
| 260 |
_aCambridge ; _aNew York : _bCambridge University Press, _c2000. |
||
| 300 |
_axiv, 154 p. : _bill. ; _c26 cm. |
||
| 504 | _aIncludes bibliographical references and index. | ||
| 650 | 0 |
_aQuantum theory. _94791 |
|
| 856 | 4 | 1 |
_3Sample text _uhttp://www.loc.gov/catdir/samples/cam034/99013559.html |
| 856 | 4 | 2 |
_3Publisher description _uhttp://www.loc.gov/catdir/description/cam029/99013559.html |
| 856 | 4 | 1 |
_3Table of contents _uhttp://www.loc.gov/catdir/toc/cam021/99013559.html |
| 942 |
_2ddc _cO_SHELF |
||
| 999 |
_c8609 _d8609 |
||